Statistics for Largest Cities In New Jersey

Click here to take the quiz!

General Stats

  • This quiz has been taken 30 times
  • The average score is 11 of 20

Answer Stats

RankPopulationCity% Correct
2261,746Jersey City
100%
1280,463Newark
100%
1083,734Trenton
95%
1274,608Camden
90%
4128,153Elizabeth
90%
3145,800Paterson
90%
1470,131Passaic
65%
7100,187Woodbridge
55%
1965,300Bayonne
50%
985,169Clifton
50%
5100,809Edison
50%
1568,362Union City
50%
6100,763Lakewood
45%
2064,400East Orange
40%
891,706Toms River
40%
1370,859Cherry Hill
35%
1865,452Franklin
20%
1765,475Middletown
20%
1175,072Brick
15%
1665,935Old Bridge
15%

Score Distribution

Percentile by Number Answered

Percent of People with Each Score

Your Score History

You have not taken this quiz